Lesbian, gay, bisexual and transgender families and the free movement directive Implementation Guidelines

Đã lưu trong:
Chi tiết về thư mục
Tác giả chính: Bell, Mark
Tác giả của công ty: ILGA Europe
Tác giả khác: Bonini Baraldi, Matteo
Định dạng: Sách
Ngôn ngữ:Tiếng Anh
Được phát hành: Bruxelles ILGA Europe 2008
Các nhãn: Thêm thẻ
Không có thẻ, Là người đầu tiên thẻ bản ghi này!

MARC

LEADER 00000nam a2200000 4500
005 20240605181441.0
008 240605b |||||||| |||| 00| 0 eng d
040 |c GP 
100 |a Bell, Mark 
110 |a ILGA Europe 
245 |a Lesbian, gay, bisexual and transgender families and the free movement directive  |b Implementation Guidelines 
260 |a Bruxelles  |b ILGA Europe  |c 2008 
700 |a Bonini Baraldi, Matteo 
942 |2 ddc  |c BK  |n 0 
952 |0 0  |1 0  |2 ddc  |4 0  |6 306_850000000000000_BEL  |7 1  |9 1359  |a RM  |b RM  |d 2024-06-05  |l 0  |o 306.850 BEL  |p 191  |r 2024-06-05 18:15:02  |w 2024-06-05  |y BK 
999 |c 1249  |d 1249